Cultivo de hortalizas terrestres /

Guardado en:
Autor Principal: Tiscornia, Julio R
Formato: Libro
Publicado: Buenos Aires : Albatros, 1976
Materias:
Etiquetas: Agregar Etiqueta
Sin Etiquetas, Sea el primero en etiquetar este registro!
LEADER 00520nam a22001815a 4500
001 CEM.cems016185
005 20100316170702.0
008 130507s1976##################000#0#####d
003 CEMS
082 0 4 |a 635 
100 1 |a Tiscornia, Julio R 
245 1 0 |a Cultivo de hortalizas terrestres /  |c Julio R Tiscornia, 
260 |a Buenos Aires :  |b Albatros,  |c 1976 
300 |a 149 p. 
653 |a Agricultura 
653 |a Horticultura 
653 |a Hortalizas terrestres 
859 |a CEMS  |b BIB. CEMS - Agricultura  |h 635  |i T524-1  |p A10905.82  |t Ej.1